Catolicismo social chileno. Desarrollo, crisis y actualidad

Saved in:
Bibliographic Details
Other Authors: Berríos, Fernando (Editor), Costadoat, Jorge (Editor), García, Diego (Editor)
Format: Book
Language:Spanish
Published: Santiago, Chile: Ediciones Universidad Alberto Hurtado, 2009.
Series:Centro Teológico Manuel Larraín,
Subjects:
Tags: Add Tag
No Tags, Be the first to tag this record!

MARC

LEADER 00000cam a2200000 a 4500
001 UCD0484
003 CL-VaPUC
005 20250103100412.0
008 151127e20090000cl |||||||||||||||||spa|d
999 |c 361998  |d 361996 
020 |a 978-956-8421-28-1 
040 |c Pontificia Universidad Católica de Valparaíso 
082 0 4 |a 261.7 BER 2009   |2 21 
100 |a Berríos, Fernando  |e editor  |9 884243 
245 1 0 |a Catolicismo social chileno.   |b Desarrollo, crisis y actualidad 
260 |a Santiago, Chile:   |b Ediciones Universidad Alberto Hurtado,  |c 2009.  
300 |a 496 páginas. 
490 0 |a Centro Teológico Manuel Larraín,   |n  2.  
500 |a c.2 Donación Sr. Jorge Precht Pizarro. 26-05-23. Biblioteca Teología.  
583 |a last modification  |c 20151127 13:45:00  |k Rodrigo Vera 
650 0 |a Iglesia Católica  |x Pobreza e injusticia social   |y Siglo 19   |z Chile   |9 256114 
650 0 |a Catolicismo social  |9 535008  |y Siglo 19  |z Chile  
650 0 |a Iglesia y Estado  |9 254995  |v Aspectos sociales   |y Siglo 19  |z Chile  
700 |a Costadoat, Jorge  |e editor  |9 884244 
700 |a García, Diego  |e editor  |9 884245 
700 |a Costadoat, Jorge  |e editor  |9 884244 
942 |c BK  |2 ddc 
945 |d 20151127 13:45:00  |a gsalatino 
952 |0 0  |1 0  |3 erb  |4 0  |6 261_700000000000000_BER_2009  |7 0  |8 A  |9 472805  |a BIBTEO  |b BIBTEO  |i 5253888  |l 1  |o 261.7 BER 2009  |p 5253888  |r 2025-01-17  |s 2024-07-23  |w 2019-11-24  |y BK  |z Catalogado en:20151127  |k ICR 
952 |0 0  |1 0  |2 ddc  |4 0  |6 261_700000000000000_BER_2009  |7 0  |8 A  |9 591279  |a BIBTEO  |b BIBTEO  |c GEN  |d 2023-08-18  |e Donación  |i 5658267  |l 1  |o 261.7 BER 2009  |p 5658267  |r 2025-01-17  |s 2024-10-15  |t 2  |w 2023-08-18  |y BK  |k ICR